[Event "Titled Tuesday intern op 03rd May Early"]
[Site "Chess.com INT"]
[Date "2022.05.03"]
[Round "1"]
[White "Bach, Ngoc Thuy Duong"]
[Black "Ismagambetov, Anuar"]
[Result "0-1"]
[WhiteElo "2192"]
[BlackElo "2520"]
[PlyCount "228"]
[EventDate "2022.05.03"]
[EventType "swiss (blitz)"]
[EventRounds "11"]
[EventCountry "USA"]
[SourceTitle "CBM 208 Extra"]
[Source "ChessBase"]
[SourceDate "2022.07.31"]
[SourceVersion "1"]
[SourceVersionDate "2022.07.31"]
[SourceQuality "1"]

1. d4 Nf6 2. c4 e6 3. Nc3 Bb4 4. Qc2 c5 5. dxc5 Bxc5 6. Nf3 Qb6 7. e3 Qc7 8. Be2 a6 9. 0-0 b6 10. e4 Be7 11. Rd1 d6 12. Bf4 Nbd7 13. a3 Bb7 14. Rac1 Rc8 15. h3 0-0 16. b4 Rfd8 17. Bh2 Qb8 18. Bd3 Nf8 19. Qe2 Ng6 20. Qe3 Bc6 21. Be2 Nd7 22. Nd4 Ba8 23. f4 Ngf8 24. Kh1 Bb7 25. Nf3 Qa8 26. Bd3 Nf6 27. Re1 Re8 28. Qxb6 d5 29. cxd5 exd5 30. exd5 Bd8 31. Qd4 Rxe1+ 32. Rxe1 Nxd5 33. Nxd5 Bxd5 34. Be4 Bxe4 35. Qxe4 Qa7 36. Bg1 Qc7 37. f5 Bf6 38. Bc5 h6 39. Qd5 Qg3 40. Bd6 Qf2 41. Bc5 Qb2 42. a4 Rd8 43. Qc4 Ra8 44. Qc1 Qb3 45. Qd1 Qc4 46. Qe2 Qb3 47. a5 Nd7 48. Qd1 Qxd1 49. Rxd1 Nxc5 50. bxc5 Rc8 51. Rc1 Kf8 52. Nd2 Bg5 53. Rc2 Bxd2 54. Rxd2 Rxc5 55. f6 gxf6 56. Rd6 Rxa5 57. Rxf6 Kg7 58. Rb6 Ra2 59. Rb7 h5 60. Ra7 h4 61. Kg1 a5 62. Ra6 f6 63. Ra7+ Kg6 64. Ra8 a4 65. Kh2 Kg5 66. Ra5+ f5 67. Ra8 a3 68. Ra4 f4 69. Kg1 Kf5 70. Kf1 Ke5 71. Kg1 Kd5 72. Ra8 Kc4 73. Rc8+ Kd3 74. Rd8+ Ke3 75. Re8+ Kd2 76. Rd8+ Ke1 77. Ra8 Ra1 78. Ra4 a2 79. Kh2 Ke2 80. Ra5 Ke3 81. Ra7 Kd4 82. Rd7+ Ke5 83. Re7+ Kf6 84. Ra7 Kf5 85. Rf7+ Ke4 86. Re7+ Kd3 87. Rd7+ Kc4 88. Rc7+ Kb5 89. Ra7 Kb4 90. Rb7+ Kc4 91. Ra7 Kd5 92. Rd7+ Kc5 93. Ra7 Kb6 94. Ra8 Kb7 95. Ra4 Kc6 96. Ra8 Kb6 97. Ra3 Kb5 98. Ra8 Kb4 99. Rb8+ Kc3 100. Rc8+ Kd2 101. Rd8+ Ke1 102. Re8+ Kf1 103. Ra8 Re1 104. Rxa2 Re2 105. Ra1+ Kf2 106. Ra3 Re3 107. Ra2+ Kf1 108. Ra1+ Kf2 109. Ra2+ Re2 110. Ra3 Kf1 111. Rf3+ Rf2 112. Ra3 Rxg2+ 113. Kh1 Rg3 114. Rxg3 hxg3 0-1

[Event "Titled Tuesday intern op 03rd May Early"]
[Site "Chess.com INT"]
[Date "2022.05.03"]
[Round "3"]
[White "Camacho Collados, Jose"]
[Black "Ismagambetov, Anuar"]
[Result "0-1"]
[WhiteElo "2411"]
[BlackElo "2520"]
[PlyCount "78"]
[EventDate "2022.05.03"]
[EventType "swiss (blitz)"]
[EventRounds "11"]
[EventCountry "USA"]
[SourceTitle "CBM 208 Extra"]
[Source "ChessBase"]
[SourceDate "2022.07.31"]
[SourceVersion "1"]
[SourceVersionDate "2022.07.31"]
[SourceQuality "1"]

1. c4 Nf6 2. g3 g6 3. Bg2 Bg7 4. Nc3 0-0 5. d3 e5 6. e4 d6 7. Nge2 Be6 8. 0-0 Qd7 9. f4 Nc6 10. Be3 Rae8 11. Qe1 Bg4 12. Nd5 Nh5 13. Rb1 a5 14. a3 exf4 15. gxf4 f5 16. Nec3 fxe4 17. dxe4 Rf7 18. Nb5 Bh3 19. Nbxc7 Bxg2 20. Kxg2 Rxe4 21. Qd2 Rxc4 22. Kh1 Qh3 23. f5 Ng3+ 24. Kg1 Nxf1 25. Rxf1 Rg4+ 26. Kf2 Rxf5+ 27. Nf4 Rfxf4+ 28. Bxf4 Rg2+ 29. Ke1 Rxd2 30. Bxd2 Ne5 31. Ne8 Qe6 32. Nxg7 Kxg7 33. Bc3 Kh6 34. Kd2 Qd5+ 35. Kc1 Qd3 36. Rf4 g5 37. Rd4 Qe3+ 38. Kb1 Nf7 39. Ka2 Kg6 0-1

[Event "World Corporate Final"]
[Site "Chess.com INT"]
[Date "2021.02.21"]
[Round "1"]
[White "Ismagambetov, Anuar"]
[Black "Nepomniachtchi, Ian"]
[Result "1/2-1/2"]
[WhiteElo "2520"]
[BlackElo "2789"]
[PlyCount "40"]
[EventDate "2021.02.21"]
[EventType "team-k.o. (rapid)"]
[EventRounds "5"]
[EventCountry "USA"]
[SourceTitle "CBM 200 Extra"]
[Source "ChessBase"]
[SourceDate "2021.03.31"]
[SourceVersion "1"]
[SourceVersionDate "2021.03.31"]
[SourceQuality "1"]
[WhiteTeam "ERG"]
[BlackTeam "SBER"]
[WhiteTeamCountry "KAZ"]
[BlackTeamCountry "RUS"]

1. e4 e5 2. Nf3 Nc6 3. Bb5 g6 4. d4 exd4 5. c3 a6 6. Be2 d3 7. Qxd3 Bg7 8. 0-0 d6 9. Bg5 Nge7 10. Nbd2 h6 11. Bh4 0-0 12. Nd4 Ne5 13. Qc2 c5 14. N4b3 g5 15. Bg3 f5 16. f4 gxf4 17. Rxf4 N7g6 18. Rxf5 Bxf5 19. exf5 Nh4 20. Rf1 Bf6 1/2-1/2

[Event "World Corporate East E"]
[Site "Chess.com INT"]
[Date "2021.02.19"]
[Round "3.4"]
[White "Broly, Mathilde"]
[Black "Ismagambetov, Anuar"]
[Result "0-1"]
[WhiteElo "2150"]
[BlackElo "2520"]
[PlyCount "62"]
[EventDate "2021.02.19"]
[EventType "team (rapid)"]
[EventRounds "7"]
[EventCountry "USA"]
[SourceTitle "EXT 2022"]
[Source "ChessBase"]
[SourceDate "2021.10.06"]
[SourceVersion "1"]
[SourceVersionDate "2021.10.06"]
[SourceQuality "1"]
[WhiteTeam "SG Stern"]
[BlackTeam "ERG"]
[WhiteTeamCountry "GER"]
[BlackTeamCountry "KAZ"]

1. c4 Nf6 2. g3 g6 3. Bg2 Bg7 4. Nf3 0-0 5. 0-0 c5 6. Nc3 Nc6 7. a3 d6 8. Rb1 a5 9. d4 cxd4 10. Nxd4 Bd7 11. Nc2 a4 12. Ne3 Na5 13. Nxa4 Nxc4 14. Nc3 Nxe3 15. Bxe3 Bc6 16. Qb3 Qa5 17. h3 Rfc8 18. Rfd1 Nd7 19. Bd4 Bf8 20. Rd2 e6 21. Qd1 Bxg2 22. Kxg2 d5 23. Na2 Qb5 24. Bc3 Nc5 25. Bb4 Ne4 26. Rd4 Bg7 27. Rd3 Rc4 28. Rb3 Qc6 29. Rc1 Rc8 30. Rxc4 dxc4 31. Re3 Nc3+ 0-1

[Event "KAZ-ch"]
[Site "Almaty"]
[Date "2020.12.18"]
[Round "9"]
[White "Makhnev, Denis"]
[Black "Ismagambetov, Anuar"]
[Result "0-1"]
[WhiteElo "2486"]
[BlackElo "2528"]
[PlyCount "88"]
[EventDate "2020.12.11"]
[EventType "tourn"]
[EventRounds "11"]
[EventCountry "KAZ"]
[EventCategory "10"]
[SourceTitle "CBM 199 Extra"]
[Source "ChessBase"]
[SourceDate "2021.01.31"]
[SourceVersion "1"]
[SourceVersionDate "2021.01.31"]
[SourceQuality "1"]

1. d4 Nf6 2. c4 g6 3. g3 c5 4. d5 Bg7 5. Nc3 0-0 6. Bg2 d6 7. Nf3 e6 8. 0-0 exd5 9. cxd5 a6 10. a4 Nbd7 11. Bf4 Qe7 12. Rb1 Ng4 13. Bg5 f6 14. Bd2 Nde5 15. b4 b6 16. h3 Nxf3+ 17. exf3 Ne5 18. bxc5 bxc5 19. f4 Nf7 20. a5 Bf5 21. Rb6 Qd7 22. Kh2 Rfb8 23. Na4 Bd3 24. Re1 Re8 25. Re6 f5 26. Qb3 Bb5 27. Nc3 Reb8 28. Na4 Rc8 29. Nc3 Rcb8 30. Rxb8+ Rxb8 31. Bf1 Bd4 32. Re1 Bxf2 33. Rb1 Qc7 34. Nxb5 axb5 35. Bxb5 c4 36. Qb4 h5 37. Kg2 Ba7 38. Bc3 h4 39. gxh4 Qe7 40. Re1 Qxh4 41. Rf1 Ng5 42. fxg5 Qe4+ 43. Rf3 Qe2+ 44. Kg3 Bg1 0-1

[Event "KAZ-ch"]
[Site "Almaty"]
[Date "2020.12.17"]
[Round "8"]
[White "Ismagambetov, Anuar"]
[Black "Agmanov, Zhandos"]
[Result "1/2-1/2"]
[WhiteElo "2528"]
[BlackElo "2407"]
[PlyCount "108"]
[EventDate "2020.12.11"]
[EventType "tourn"]
[EventRounds "11"]
[EventCountry "KAZ"]
[EventCategory "10"]
[SourceTitle "CBM 199 Extra"]
[Source "ChessBase"]
[SourceDate "2021.01.31"]
[SourceVersion "1"]
[SourceVersionDate "2021.01.31"]
[SourceQuality "1"]

1. e4 e6 2. d4 d5 3. Nc3 Nf6 4. e5 Nfd7 5. f4 c5 6. Nf3 Nc6 7. Be3 Be7 8. Qd2 a6 9. dxc5 Nxc5 10. 0-0-0 Qa5 11. Kb1 b5 12. Bd3 Bd7 13. Nd4 Nxd4 14. Bxd4 b4 15. Ne2 0-0 16. g4 Rfc8 17. f5 Nxd3 18. cxd3 exf5 19. e6 Bxe6 20. Nf4 Qd8 21. Rhg1 fxg4 22. Nxe6 fxe6 23. Qe2 Bf6 24. Qxe6+ Kh8 25. Rxg4 Qc7 26. Qe2 Bxd4 27. Rxd4 Qc5 28. Rg4 Ra7 29. Qd2 a5 30. Rc1 Qf8 31. Rf4 Rxc1+ 32. Qxc1 Qe8 33. Qc5 Ra8 34. Rf1 Rc8 35. Qxd5 h6 36. Rc1 Rxc1+ 37. Kxc1 Qe1+ 38. Kc2 Qe2+ 39. Kb3 Qxh2 40. Qa8+ Kh7 41. Qe4+ Kh8 42. Qe8+ Kh7 43. Qe4+ Kh8 44. d4 h5 45. d5 h4 46. Qe7 Qg3+ 47. Ka4 b3 48. axb3 h3 49. d6 h2 50. Qe8+ Kh7 51. Qh5+ Kg8 52. Qe8+ Kh7 53. Qh5+ Kg8 54. Qd5+ Kh7 1/2-1/2

[Event "KAZ-ch"]
[Site "Almaty"]
[Date "2020.12.14"]
[Round "4"]
[White "Kostenko, Petr"]
[Black "Ismagambetov, Anuar"]
[Result "0-1"]
[WhiteElo "2429"]
[BlackElo "2528"]
[PlyCount "174"]
[EventDate "2020.12.11"]
[EventType "tourn"]
[EventRounds "11"]
[EventCountry "KAZ"]
[EventCategory "10"]
[SourceTitle "CBM 199 Extra"]
[Source "ChessBase"]
[SourceDate "2021.01.31"]
[SourceVersion "1"]
[SourceVersionDate "2021.01.31"]
[SourceQuality "1"]

1. e4 c5 2. Nf3 d6 3. d4 cxd4 4. Nxd4 Nf6 5. Nc3 a6 6. Be3 e5 7. Nb3 Be6 8. f3 Be7 9. Qd2 0-0 10. 0-0-0 Nbd7 11. g4 b5 12. g5 Nh5 13. Nd5 Bxd5 14. exd5 f6 15. h4 fxg5 16. hxg5 Rxf3 17. Rxh5 Rxe3 18. Qxe3 g6 19. Kb1 gxh5 20. Qh3 Nf8 21. Qxh5 Bxg5 22. c4 bxc4 23. Bxc4 Ra7 24. Bxa6 Rxa6 25. Rg1 Ng6 26. Rxg5 Qf6 27. Rg1 Ra7 28. Qg4 Kg7 29. Nd2 Qf7 30. Nc4 Qxd5 31. Rd1 Qf7 32. Rxd6 h5 33. Qe4 Qf1+ 34. Kc2 Qf2+ 35. Kb3 Qg3+ 36. Ne3 Rf7 37. a4 h4 38. Rd3 Qg5 39. Nd5 Qc1 40. Nc3 Qf1 41. Rd1 Qf2 42. Rd6 Qg1 43. Rd1 Qb6+ 44. Qb4 Qc6 45. Qe4 Qb6+ 46. Qb4 Qf2 47. Qg4 Rb7+ 48. Nb5 Kh6 49. Rg1 Qf6 50. Rh1 Re7 51. Nc3 e4 52. Kc2 e3 53. Rh2 Qg5 54. Qf3 Qe5 55. Rg2 Re6 56. Qg4 Rf6 57. Nd1 Qc5+ 58. Kb1 Qe5 59. Kc2 Re6 60. Re2 Qc5+ 61. Kb1 Qd5 62. Kc2 Re4 63. Nc3 Qd2+ 64. Rxd2 Rxg4 65. Re2 h3 66. Rxe3 h2 67. Rh3+ Rh4 68. Rxh2 Rxh2+ 69. Kb3 Kg5 70. a5 Ne5 71. Na4 Kf5 72. a6 Rh7 73. Nc5 Nc6 74. Kc4 Ke5 75. Nb7 Na7 76. Kc5 Nc8 77. Nd8 Rc7+ 78. Nc6+ Ke6 79. b4 Kd7 80. b5 Na7 81. Kb6 Nxc6 82. bxc6+ Rxc6+ 83. Kb7 Rc7+ 84. Kb6 Rc1 85. Kb7 Rb1+ 86. Ka8 Kc7 87. a7 Kb6 0-1

[Event "Asia Nations online Cup"]
[Site "Chess.com INT"]
[Date "2020.10.18"]
[Round "9.4"]
[White "Wiwatanadate, Poompong"]
[Black "Ismagambetov, Anuar"]
[Result "0-1"]
[WhiteElo "2040"]
[BlackElo "2528"]
[PlyCount "68"]
[EventDate "2020.10.10"]
[EventType "team-swiss (rapid)"]
[EventRounds "9"]
[EventCountry "IND"]
[SourceTitle "CBM 198 Extra"]
[Source "ChessBase"]
[SourceDate "2020.11.30"]
[SourceVersion "1"]
[SourceVersionDate "2020.11.30"]
[SourceQuality "1"]
[WhiteTeam "Thailand"]
[BlackTeam "Kazakhstan"]
[WhiteTeamCountry "THA"]
[BlackTeamCountry "KAZ"]

1. d4 Nf6 2. c4 e6 3. Nc3 Bb4 4. e3 0-0 5. Nf3 c5 6. Bd3 Bxc3+ 7. bxc3 d6 8. 0-0 Nc6 9. Bb2 e5 10. e4 Bg4 11. h3 Bxf3 12. Qxf3 cxd4 13. cxd4 exd4 14. Qg3 Qe7 15. Rae1 Nd7 16. f4 Rfe8 17. Bb1 Rac8 18. Qd3 Nc5 19. Qd1 Qe6 20. f5 Qf6 21. Qg4 Na4 22. Bc1 d3 23. Bg5 Qd4+ 24. Kh1 Nc3 25. f6 Ne5 26. Qg3 Nxe4 27. Rxe4 Qxe4 28. Bf4 Qg6 29. Bxe5 dxe5 30. Qe3 e4 31. Re1 Qxf6 32. Bxd3 Qc3 33. Bxe4 Qxe3 34. Rxe3 Kf8 0-1

[Event "Asia Nations online Cup"]
[Site "Chess.com INT"]
[Date "2020.10.16"]
[Round "5.1"]
[White "Ghaem Maghami, Ehsan"]
[Black "Ismagambetov, Anuar"]
[Result "0-1"]
[WhiteElo "2561"]
[BlackElo "2528"]
[PlyCount "82"]
[EventDate "2020.10.10"]
[EventType "team-swiss (rapid)"]
[EventRounds "9"]
[EventCountry "IND"]
[SourceTitle "CBM 198 Extra"]
[Source "ChessBase"]
[SourceDate "2020.11.30"]
[SourceVersion "1"]
[SourceVersionDate "2020.11.30"]
[SourceQuality "1"]
[WhiteTeam "Iran"]
[BlackTeam "Kazakhstan"]
[WhiteTeamCountry "IRI"]
[BlackTeamCountry "KAZ"]

1. d4 Nf6 2. c4 g6 3. g3 Bg7 4. Bg2 c5 5. Nf3 0-0 6. d5 e6 7. Nc3 exd5 8. cxd5 d6 9. 0-0 Re8 10. Bf4 Ne4 11. Nxe4 Rxe4 12. Nd2 Rxf4 13. gxf4 Bxb2 14. Rb1 Bg7 15. Nc4 b6 16. Qc2 Ba6 17. a4 Qe7 18. Rfe1 Nd7 19. e3 Rd8 20. Na3 Nf6 21. a5 Rb8 22. axb6 axb6 23. Qa4 Bd3 24. Rb3 Be4 25. Qc6 Bxg2 26. Kxg2 Qe4+ 27. f3 Qxd5 28. Qxd5 Nxd5 29. Rd1 Nb4 30. Rxd6 Bf8 31. Rd7 b5 32. Ra7 c4 33. Rb1 c3 34. Kf1 Nd5 35. Nc2 b4 36. Ra5 b3 37. Rxb3 Rxb3 38. Rxd5 Rb2 39. Ne1 c2 40. Nd3 Rb1+ 41. Kg2 Rd1 0-1

[Event "Asia Nations online Cup"]
[Site "Chess.com INT"]
[Date "2020.10.16"]
[Round "6.1"]
[White "Ismagambetov, Anuar"]
[Black "Ganguly, Surya Shekhar"]
[Result "1-0"]
[WhiteElo "2528"]
[BlackElo "2635"]
[PlyCount "69"]
[EventDate "2020.10.10"]
[EventType "team-swiss (rapid)"]
[EventRounds "9"]
[EventCountry "IND"]
[SourceTitle "CBM 198 Extra"]
[Source "ChessBase"]
[SourceDate "2020.11.30"]
[SourceVersion "1"]
[SourceVersionDate "2020.11.30"]
[SourceQuality "1"]
[WhiteTeam "Kazakhstan"]
[BlackTeam "India"]
[WhiteTeamCountry "KAZ"]
[BlackTeamCountry "IND"]

1. e4 c5 2. Nf3 e6 3. d4 cxd4 4. Nxd4 Nc6 5. Nc3 Qc7 6. Be3 a6 7. a3 Be7 8. f4 b5 9. Nxc6 Qxc6 10. Be2 Bb7 11. 0-0 Bc5 12. Qd3 d6 13. Bf3 Qb6 14. Rae1 Rd8 15. Kh1 Bxe3 16. Rxe3 Nf6 17. Qe2 0-0 18. Rd3 e5 19. Rfd1 exf4 20. Qd2 Rfe8 21. Qxf4 h6 22. h3 Re6 23. Rd4 Qc5 24. R1d2 a5 25. Kh2 Re5 26. a4 bxa4 27. Nxa4 Qc7 28. c4 Rde8 29. Nc3 Bxe4 30. Nb5 Qc5 31. Nxd6 Rd8 32. Bxe4 Rxe4 33. Nxe4 Rxd4 34. Nxf6+ gxf6 35. Qxd4 1-0

[Event "Asia Nations online Cup"]
[Site "Chess.com INT"]
[Date "2020.10.10"]
[Round "3.1"]
[White "Tin, Jingyao"]
[Black "Ismagambetov, Anuar"]
[Result "0-1"]
[WhiteElo "2464"]
[BlackElo "2528"]
[PlyCount "110"]
[EventDate "2020.10.10"]
[EventType "team-swiss (rapid)"]
[EventRounds "9"]
[EventCountry "IND"]
[SourceTitle "CBM 198 Extra"]
[Source "ChessBase"]
[SourceDate "2020.11.30"]
[SourceVersion "1"]
[SourceVersionDate "2020.11.30"]
[SourceQuality "1"]
[WhiteTeam "Singapore"]
[BlackTeam "Kazakhstan"]
[WhiteTeamCountry "SIN"]
[BlackTeamCountry "KAZ"]

1. d4 Nf6 2. c4 g6 3. Nc3 Bg7 4. Nf3 0-0 5. g3 c5 6. Bg2 cxd4 7. Nxd4 Nc6 8. 0-0 Qa5 9. Nb3 Qh5 10. e4 d6 11. Qxh5 Nxh5 12. Nd5 Nf6 13. Bg5 Be6 14. Rac1 Rad8 15. c5 dxc5 16. Nxc5 Bc8 17. Rfd1 h6 18. Bxf6 exf6 19. b4 f5 20. exf5 gxf5 21. Nb3 Kh7 22. b5 Ne5 23. Ne7 Be6 24. Bxb7 Nd3 25. Rb1 Bf6 26. Nc6 Rd7 27. Nca5 Ne5 28. Nc5 Rxd1+ 29. Rxd1 Bxa2 30. Nc6 Kg7 31. Nxe5 Bxe5 32. Rd7 Re8 33. Bd5 Bxd5 34. Rxd5 Bc7 35. Rxf5 Re2 36. Nd3 Rd2 37. Nb4 Bb6 38. Nc6 f6 39. Kg2 Rb2 40. g4 Kf7 41. Ne5+ Ke6 42. Nc4 Rb4 43. Rf4 Bc7 44. Rd4 Be5 45. Nxe5 Rxd4 46. Nc6 Rxg4+ 47. Kf3 Ra4 48. Ke3 Kd5 49. Ne7+ Kc5 50. Nf5 Kxb5 51. Nxh6 a5 52. Ng8 Rc4 53. Nxf6 a4 54. Ne4 Rxe4+ 55. Kxe4 a3 0-1

[Event "Titled Tuesday intern op 18th Aug"]
[Site "Chess.com INT"]
[Date "2020.08.18"]
[Round "10"]
[White "Ismagambetov, Anuar"]
[Black "Kalashian, David"]
[Result "1-0"]
[WhiteElo "2528"]
[BlackElo "2398"]
[PlyCount "97"]
[EventDate "2020.08.18"]
[EventType "swiss (blitz)"]
[EventRounds "10"]
[EventCountry "USA"]
[SourceTitle "CBM 197 Extra"]
[Source "ChessBase"]
[SourceDate "2020.09.30"]
[SourceVersion "1"]
[SourceVersionDate "2020.09.30"]
[SourceQuality "1"]

1. e4 c6 2. d4 g6 3. Nc3 Bg7 4. f4 d5 5. e5 h5 6. Nf3 Nh6 7. Be2 Bg4 8. 0-0 Nf5 9. h3 Bxf3 10. Bxf3 h4 11. Qd3 e6 12. Nd1 Nd7 13. Ne3 Qb6 14. c3 c5 15. Rb1 cxd4 16. Nxf5 gxf5 17. Qxd4 Qxd4+ 18. cxd4 Rc8 19. b3 Nf8 20. Bd2 Ng6 21. Rbc1 Kd7 22. Be2 a6 23. Kf2 Bh6 24. Kf3 Rxc1 25. Rxc1 Rc8 26. Rxc8 Kxc8 27. g3 hxg3 28. Kxg3 Kc7 29. h4 Kd7 30. h5 Ne7 31. Kf3 Ng8 32. Bb4 f6 33. a4 fxe5 34. dxe5 Ke8 35. a5 Ne7 36. Be1 Nc6 37. Ke3 Nxe5 38. b4 Ng4+ 39. Kd4 Bxf4 40. b5 axb5 41. Bxb5+ Kd8 42. Bh4+ Kc7 43. Be2 Be3+ 44. Kd3 Bh6 45. Kd4 Kc6 46. Bd1 Be3+ 47. Kd3 Bh6 48. Ba4+ Kc5 49. Be7# 1-0

[Event "Titled Tuesday intern op 18th Aug"]
[Site "Chess.com INT"]
[Date "2020.08.18"]
[Round "1"]
[White "Tomiello, Mateus Costamilan"]
[Black "Ismagambetov, Anuar"]
[Result "0-1"]
[WhiteElo "1969"]
[BlackElo "2528"]
[PlyCount "90"]
[EventDate "2020.08.18"]
[EventType "swiss (blitz)"]
[EventRounds "10"]
[EventCountry "USA"]
[SourceTitle "CBM 197 Extra"]
[Source "ChessBase"]
[SourceDate "2020.09.30"]
[SourceVersion "1"]
[SourceVersionDate "2020.09.30"]
[SourceQuality "1"]

1. e4 c5 2. Nf3 d6 3. d4 cxd4 4. Nxd4 Nf6 5. Nc3 a6 6. Be2 e5 7. Nb3 Be7 8. 0-0 0-0 9. Be3 Be6 10. Qd3 Qc8 11. Rac1 g6 12. Nd5 Nxd5 13. exd5 Bf5 14. Qd2 Qd8 15. c4 b6 16. f4 Bf6 17. fxe5 Bxe5 18. Nd4 Bd7 19. Rf2 f5 20. Re1 Ra7 21. Bg5 Bf6 22. Bxf6 Qxf6 23. Bf3 Rc7 24. b3 Re8 25. Rfe2 Re5 26. Re3 Be8 27. Bd1 Rce7 28. Nf3 Rxe3 29. Rxe3 Nd7 30. Rxe7 Qxe7 31. Nd4 Qe5 32. Nc6 Qa1 33. Qe2 Ne5 34. Kf2 Bxc6 35. dxc6 Qd4+ 36. Kf1 Nxc6 37. Qe8+ Kg7 38. Qd7+ Kh6 39. Qxc6 Qxd1+ 40. Kf2 Qd4+ 41. Kf1 a5 42. Qf3 Qa1+ 43. Kf2 Qxa2+ 44. Kg3 Qd2 45. Qa8 Qe3+ 0-1

[Event "Titled Tuesday intern op 11th Aug"]
[Site "Chess.com INT"]
[Date "2020.08.11"]
[Round "4"]
[White "Harsha, Bharathakoti"]
[Black "Ismagambetov, Anuar"]
[Result "0-1"]
[WhiteElo "2509"]
[BlackElo "2528"]
[PlyCount "64"]
[EventDate "2020.08.11"]
[EventType "swiss (blitz)"]
[EventRounds "10"]
[EventCountry "USA"]
[SourceTitle "CBM 197 Extra"]
[Source "ChessBase"]
[SourceDate "2020.09.30"]
[SourceVersion "1"]
[SourceVersionDate "2020.09.30"]
[SourceQuality "1"]

1. d4 Nf6 2. c4 g6 3. Nc3 Bg7 4. e4 d6 5. f3 0-0 6. Nge2 c5 7. d5 e6 8. Ng3 exd5 9. cxd5 a6 10. a4 Nbd7 11. Be2 Rb8 12. 0-0 Ne5 13. Be3 Bd7 14. a5 b5 15. axb6 Rxb6 16. Qc2 Qb8 17. Ra2 h5 18. h3 h4 19. Nh1 c4 20. Nf2 Nh5 21. f4 Nd3 22. Nxd3 cxd3 23. Bxd3 Ng3 24. Rf2 Rc8 25. Bxb6 Qxb6 26. Rxa6 Qe3 27. Qd2 Qc5 28. Kh2 Bd4 29. Nd1 Bxf2 30. Nxf2 Qd4 31. Rxd6 Nf1+ 32. Bxf1 Qxd2 0-1

[Event "Titled Tuesday intern op 11th Aug"]
[Site "Chess.com INT"]
[Date "2020.08.11"]
[Round "2"]
[White "Ismagambetov, Anuar"]
[Black "Franca, Ricardo Bedin"]
[Result "1-0"]
[WhiteElo "2528"]
[BlackElo "2278"]
[PlyCount "73"]
[EventDate "2020.08.11"]
[EventType "swiss (blitz)"]
[EventRounds "10"]
[EventCountry "USA"]
[SourceTitle "CBM 197 Extra"]
[Source "ChessBase"]
[SourceDate "2020.09.30"]
[SourceVersion "1"]
[SourceVersionDate "2020.09.30"]
[SourceQuality "1"]

1. e4 e5 2. Nf3 Nc6 3. Bb5 a6 4. Ba4 Nf6 5. 0-0 Be7 6. Re1 b5 7. Bb3 d6 8. c3 0-0 9. h3 Na5 10. Bc2 c5 11. d4 Nd7 12. b3 Bf6 13. Bb2 Nc6 14. Nbd2 cxd4 15. cxd4 exd4 16. Rc1 Nc5 17. Bb1 d3 18. e5 Be7 19. Ne4 Nxe4 20. Qxd3 Bf5 21. Rxc6 dxe5 22. Nxe5 Qxd3 23. Bxd3 Nd6 24. Bxf5 Nxf5 25. Nf3 Rfe8 26. g4 Nh4 27. Nxh4 Bxh4 28. Rxe8+ Rxe8 29. Rxa6 h5 30. gxh5 Re2 31. Bd4 Re4 32. Be3 Re5 33. h6 g5 34. Kg2 f5 35. Ra7 Rd5 36. Bc1 Rc5 37. h7+ 1-0

[Event "Titled Tuesday intern op 11th Aug"]
[Site "Chess.com INT"]
[Date "2020.08.11"]
[Round "7"]
[White "Ismagambetov, Anuar"]
[Black "Jobava, Baadur"]
[Result "1-0"]
[WhiteElo "2528"]
[BlackElo "2603"]
[PlyCount "53"]
[EventDate "2020.08.11"]
[EventType "swiss (blitz)"]
[EventRounds "10"]
[EventCountry "USA"]
[SourceTitle "CBM 197 Extra"]
[Source "ChessBase"]
[SourceDate "2020.09.30"]
[SourceVersion "1"]
[SourceVersionDate "2020.09.30"]
[SourceQuality "1"]

1. e4 c6 2. d4 d5 3. e5 Bf5 4. Nf3 e6 5. Be2 Ne7 6. 0-0 h6 7. Nbd2 Bh7 8. Re1 Ng6 9. Nf1 c5 10. c4 Nc6 11. cxd5 exd5 12. Ng3 cxd4 13. Nxd4 Bc5 14. Nxc6 bxc6 15. Bd3 0-0 16. a3 Re8 17. b4 Bd4 18. Bxg6 Bxa1 19. Bxh7+ Kxh7 20. Bf4 g5 21. Nh5 Re6 22. Bg3 Kg6 23. f4 f5 24. exf6 Rxe1+ 25. Bxe1 Bxf6 26. Qc2+ Kxh5 27. Qf5 1-0

[Event "Titled Tuesday intern op 11th Aug"]
[Site "Chess.com INT"]
[Date "2020.08.11"]
[Round "10"]
[White "Zierk, Steven C"]
[Black "Ismagambetov, Anuar"]
[Result "1/2-1/2"]
[WhiteElo "2499"]
[BlackElo "2528"]
[PlyCount "138"]
[EventDate "2020.08.11"]
[EventType "swiss (blitz)"]
[EventRounds "10"]
[EventCountry "USA"]
[SourceTitle "CBM 197 Extra"]
[Source "ChessBase"]
[SourceDate "2020.09.30"]
[SourceVersion "1"]
[SourceVersionDate "2020.09.30"]
[SourceQuality "1"]

1. e4 c5 2. Nf3 Nc6 3. Bb5 g6 4. Bxc6 bxc6 5. 0-0 Bg7 6. Re1 Rb8 7. c3 Nf6 8. e5 Nd5 9. d4 cxd4 10. cxd4 0-0 11. Nc3 d6 12. Nxd5 cxd5 13. b3 Bg4 14. Bf4 dxe5 15. Bxe5 Rc8 16. Qd3 Bh6 17. Bg3 Bf5 18. Qa6 Be4 19. Ne5 f6 20. Ng4 Bg7 21. f3 Bf5 22. Ne3 Qd7 23. Nxf5 gxf5 24. Bf4 Rc2 25. Re2 Rxe2 26. Qxe2 Rc8 27. Re1 Kf7 28. Qa6 Rc6 29. Qb5 a6 30. Qd3 e6 31. h3 Qc8 32. Qe3 Bf8 33. Qf2 Bb4 34. Re2 Bc3 35. Kh2 Bb4 36. Qh4 Qg8 37. g4 Qg6 38. Rg2 fxg4 39. hxg4 Rc2 40. Qh5 Rxg2+ 41. Kxg2 Bc3 42. Be3 Qxh5 43. gxh5 e5 44. dxe5 fxe5 45. Kf2 Ke6 46. Ke2 Kf5 47. Kd3 Bb4 48. Bc1 Bc5 49. a3 e4+ 50. fxe4+ dxe4+ 51. Kc4 Bf2 52. b4 Kg4 53. a4 e3 54. b5 axb5+ 55. axb5 e2 56. Bd2 e1Q 57. Bxe1 Bxe1 58. Kd3 Kxh5 59. Ke2 Bg3 60. Kf3 Kh4 61. Kg2 Kg4 62. b6 h5 63. b7 h4 64. Kh1 Bb8 65. Kg2 h3+ 66. Kh1 Kg3 67. Kg1 Bc7 68. Kh1 h2 69. b8Q Bxb8 1/2-1/2

[Event "Titled Tuesday intern op 30th June"]
[Site "Chess.com INT"]
[Date "2020.06.30"]
[Round "4"]
[White "Ismagambetov, Anuar"]
[Black "Bodnaruk, Anastasia"]
[Result "1-0"]
[WhiteElo "2528"]
[BlackElo "2411"]
[PlyCount "99"]
[EventDate "2020.06.30"]
[EventType "swiss (blitz)"]
[EventRounds "10"]
[EventCountry "USA"]
[SourceTitle "CBM 197 Extra"]
[Source "ChessBase"]
[SourceDate "2020.09.30"]
[SourceVersion "1"]
[SourceVersionDate "2020.09.30"]
[SourceQuality "1"]

1. e4 c5 2. Nf3 d6 3. d4 cxd4 4. Nxd4 Nf6 5. Nc3 a6 6. Bg5 Nbd7 7. f4 Qc7 8. Qf3 e6 9. 0-0-0 b5 10. g4 Bb7 11. a3 Be7 12. Bxf6 Nxf6 13. g5 Nd7 14. h4 Nb6 15. f5 e5 16. Nb3 Rc8 17. f6 gxf6 18. gxf6 Bf8 19. Rh2 Na4 20. Nd5 Bxd5 21. Rxd5 h5 22. Bh3 Rd8 23. Kb1 Qb6 24. Rg2 b4 25. Na5 Bh6 26. Nc4 Qc6 27. Qd3 Nc5 28. Qe2 bxa3 29. Nxa3 Na4 30. Nc4 Rb8 31. Qd3 Bf8 32. c3 Nc5 33. Qe2 Na4 34. Rg3 Rb5 35. Rxb5 axb5 36. Nd2 Nc5 37. Bf1 Bh6 38. Qxb5 Kd7 39. Qxc6+ Kxc6 40. Nc4 Nxe4 41. Bg2 d5 42. Nxe5+ Kc5 43. Bxe4 dxe4 44. Nxf7 Rh7 45. Nxh6 Rxh6 46. Rg5+ Kc4 47. Rf5 Rh8 48. f7 Rf8 49. Kc2 e3 50. b3# 1-0